| 000 | 00663nam a22002177a 4500 | ||
|---|---|---|---|
| 999 |
_c18866 _d18866 |
||
| 003 | AR-CdUCM | ||
| 008 | 190515b ||||| |||| 00| 0 spa d | ||
| 040 |
_aMUNICIPALIDAD PROVINCIAL DEL CUSCO _cBIBLIOTECA MUNICIPAL DEL CUSCO |
||
| 082 |
_a869.56 / _bG66 |
||
| 100 |
_aGonzales, Odi _939746 |
||
| 245 | _aJuego de niños / | ||
| 260 |
_aArequipa : _bLibros del Buen Salvaje, _c1988. |
||
| 300 |
_a63 hojas ; _c22 cm. |
||
| 440 |
_aLibros del Buen Salvaje. _n1 _939747 |
||
| 505 | _aContenido: Poesías. | ||
| 650 |
_aLiteratura Peruana _9132 |
||
| 650 |
_aPoesía Peruana _92266 |
||
| 650 |
_aSiglo XX _98 |
||
| 942 |
_2ddc _cLIBROS |
||
| 945 |
_aachl _d2019-05-15 |
||